[Event "Kingston CC ch"]
[Site "Kingston CAN"]
[Date "2002.03.11"]
[Round "4"]
[White "Coppin, Wayne"]
[Black "McKay, Geoff"]
[Result "1-0"]
[WhiteElo "2052"]
[BlackElo "2091"]
[PlyCount "63"]
[EventDate "2002.02.18"]
[EventType "tourn"]
[EventRounds "10"]
[EventCountry "CAN"]

1. e4 Nf6 2. e5 Nd5 3. d4 d6 4. Nf3 g6 5. Bc4 Nb6 6. Bb3 Bg7 7. Qe2 Nc6 8. O-O
O-O 9. h3 dxe5 10. dxe5 Nd4 11. Nxd4 Qxd4 12. Re1 a5 13. a4 Be6 14. Bxe6 fxe6
15. Nd2 Rf5 16. Nf3 Qc4 17. Qd1 Raf8 18. b3 Qd5 19. Be3 Nd7 20. Bd4 Rd8 21. c4
Qc6 22. Bc3 Qb6 23. Re3 c5 24. Rd3 Qc7 25. Qe2 Ra8 26. Rad1 Nf8 27. Qe3 g5 28.
g4 Rxf3 29. Qxf3 Bxe5 30. Bxe5 Qxe5 31. Qxb7 Rb8 32. Qxe7 1-0

[Event "Kingston CC ch"]
[Site "Kingston CAN"]
[Date "2002.03.25"]
[Round "6"]
[White "Kirby, Patrick"]
[Black "Hutchison, Robert"]
[Result "1-0"]
[WhiteElo "2191"]
[BlackElo "1886"]
[PlyCount "111"]
[EventDate "2002.02.18"]
[EventType "tourn"]
[EventRounds "10"]
[EventCountry "CAN"]

1. e4 c5 2. Nf3 e6 3. d4 cxd4 4. Nxd4 Nc6 5. Nc3 a6 6. Be2 Qc7 7. O-O Nf6 8.
Kh1 Bb4 9. Nxc6 bxc6 10. Bd3 d5 11. Bd2 Be7 12. f4 g6 13. Qe1 Bb7 14. Qg3 d4
15. Ne2 c5 16. e5 Nh5 17. Qf2 c4 18. Rac1 cxd3 19. cxd3 Qd7 20. Rc4 O-O 21.
Rxd4 Qb5 22. Nc3 Qb6 23. Na4 Qa7 24. Be3 Bc6 25. Rc4 Qb7 26. Nb6 Bb5 27. Rc3
Rad8 28. Rd1 Ng7 29. a4 Bc6 30. Rc2 Nf5 31. Rdc1 Bxg2+ 32. Kg1 Bh4 33. Qe2 Bf3
34. Qd2 Nxe3 35. Qxe3 Bg4 36. Rc7 Qf3 37. Qxf3 Bxf3 38. Nd7 Rfe8 39. Ra7 Rc8
40. Rcc7 Rxc7 41. Rxc7 Be2 42. d4 Kg7 43. Nc5 Rd8 44. Nxe6+ Kh6 45. Nxd8 Bxd8
46. Rxf7 Bc4 47. Rd7 Ba5 48. d5 Bb3 49. d6 Bxa4 50. Re7 Bb4 51. Kf2 a5 52. Rc7
Bb5 53. d7 Be7 54. Kf3 Ba4 55. Ke4 Kh5 56. e6 1-0

[Event "Kingston CC ch"]
[Site "Kingston CAN"]
[Date "2002.04.08"]
[Round "8"]
[White "Coppin, Wayne"]
[Black "Gordon, David"]
[Result "1-0"]
[WhiteElo "2052"]
[BlackElo "1854"]
[PlyCount "69"]
[EventDate "2002.02.18"]
[EventType "tourn"]
[EventRounds "10"]
[EventCountry "CAN"]

1. b4 Nf6 2. Bb2 g6 3. c4 Bg7 4. Qb3 d6 5. e3 e5 6. Nf3 O-O 7. Be2 Nc6 8. O-O
Bg4 9. h3 Bd7 10. Nc3 Nh5 11. Rac1 f5 12. c5+ Kh8 13. cxd6 cxd6 14. Nb5 Qe7 15.
Nc7 Rac8 16. Nd5 Qd8 17. b5 Na5 18. Qb4 Be6 19. Rxc8 Bxc8 20. Rc1 b6 21. Ba3
Be6 22. Nc7 Bxa2 23. Qxd6 e4 24. Nd4 Qxd6 25. Bxd6 Rd8 26. Nce6 Re8 27. Nxg7
Nxg7 28. Rc7 Ne6 29. Be5+ Kg8 30. Rxa7 Bc4 31. Nxe6 Bxe6 32. Rg7+ Kf8 33. Rxh7
Nc4 34. Bc3 Kg8 35. Rg7+ 1-0

[Event "Kingston Summer"]
[Site "Kingston CAN"]
[Date "2002.07.28"]
[Round "1"]
[White "Dixon, Frank"]
[Black "Beauchamp, Joshua"]
[Result "1-0"]
[WhiteElo "1746"]
[BlackElo "1132"]
[PlyCount "51"]
[EventDate "2002.07.28"]
[EventType "swiss (rapid)"]
[EventRounds "5"]
[EventCountry "CAN"]
[Source "CFC"]
[SourceDate "2002.10.??"]

1. e4 c6 2. d3 d5 3. Nd2 e6 4. Ngf3 Be7 5. g3 Nf6 6. Bg2 O-O 7. O-O b6 8. Qe2
Ba6 9. Re1 h6 10. a3 dxe4 11. Nxe4 Bd6 12. Nxd6 Qxd6 13. Bf4 Qd8 14. Ne5 Qc8
15. Qd2 Bb7 16. Re2 c5 17. Bh3 Nc6 18. c3 Nxe5 19. Bxe5 Qc6 20. f3 Qxf3 21. Bg2
Qh5 22. Bxb7 Rad8 23. Bxf6 gxf6 24. Rf1 f5 25. Bf3 Qg6 26. Qe3 1-0

[Event "Kingston op"]
[Site "Kingston CAN"]
[Date "2002.02.08"]
[Round "1"]
[White "De Kerpel, Stijn"]
[Black "Serdula, Jay"]
[Result "1-0"]
[WhiteElo "2137"]
[BlackElo "1915"]
[PlyCount "93"]
[EventDate "2002.02.08"]
[EventType "swiss"]
[EventRounds "5"]
[EventCountry "CAN"]

1. c4 b6 2. Nc3 Nf6 3. Nf3 c5 4. g3 Bb7 5. Bg2 e6 6. O-O Be7 7. d3 O-O 8. e4 d6
9. Re1 Nc6 10. b3 a6 11. Bb2 Qc7 12. d4 cxd4 13. Nxd4 Nxd4 14. Qxd4 Bc6 15.
Rac1 Qb7 16. a3 Rfd8 17. Qe3 Rd7 18. b4 b5 19. cxb5 axb5 20. Bf1 d5 21. exd5
Nxd5 22. Nxd5 Bxd5 23. h4 Bc6 24. Rc2 Bf3 25. Bxb5 Qxb5 26. Qxf3 Qd5 27. Qxd5
Rxd5 28. Rec1 Rad8 29. Rc8 Rd1+ 30. Kg2 h6 31. Rxd8+ Rxd8 32. Rc2 Rd7 33. Kf3
Kh7 34. Ke2 Kg6 35. Bc1 Kf5 36. Bd2 g5 37. hxg5 hxg5 38. a4 Rd4 39. Rb2 Ke4 40.
a5 Kd5 41. b5 Ra4 42. a6 Bf6 43. Rc2 Bd4 44. Be3 Bxe3 45. Kxe3 Ra3+ 46. Ke2 Ra5
47. Rb2 1-0

[Event "Kingston op"]
[Site "Kingston CAN"]
[Date "2002.02.08"]
[Round "1"]
[White "Hum, Peter"]
[Black "Smilovici, Emil"]
[Result "1-0"]
[WhiteElo "2224"]
[BlackElo "1954"]
[PlyCount "77"]
[EventDate "2002.02.08"]
[EventType "swiss"]
[EventRounds "5"]
[EventCountry "CAN"]

1. d4 d5 2. c4 e6 3. Nc3 c5 4. cxd5 exd5 5. Nf3 Nc6 6. g3 Nf6 7. Bg2 Be7 8. O-O
O-O 9. Bg5 cxd4 10. Nxd4 Bg4 11. h3 Be6 12. Rc1 h6 13. Be3 Re8 14. Nxc6 bxc6
15. Na4 Qa5 16. Bc5 Bd7 17. a3 Qb5 18. e3 Bf8 19. Qd4 a5 20. Bxf8 Rxf8 21. Nb6
Rab8 22. Nxd7 Nxd7 23. Rc2 Nf6 24. Rfc1 Rfc8 25. Bf3 Qb7 26. Kg2 Qd7 27. Rc5
Qb7 28. R1c2 Qb6 29. Qa4 Qb7 30. Qxa5 Qb3 31. Qd2 Ne4 32. Bxe4 dxe4 33. Qd4 Qd3
34. R5c4 f5 35. Qe5 Rf8 36. Rxc6 Rbd8 37. Rc7 Rf7 38. Rxf7 Kxf7 39. Rc7+ 1-0

[Event "Kingston op"]
[Site "Kingston CAN"]
[Date "2002.02.08"]
[Round "1"]
[White "Hutchison, Robert"]
[Black "Brice, Ron"]
[Result "0-1"]
[WhiteElo "1901"]
[BlackElo "2139"]
[PlyCount "57"]
[EventDate "2002.02.08"]
[EventType "swiss"]
[EventRounds "5"]
[EventCountry "CAN"]

1. c4 c5 2. g3 g6 3. Bg2 Bg7 4. Nc3 Nc6 5. a3 d6 6. Nh3 e5 7. d3 Nge7 8. e4 h6
9. f3 O-O 10. O-O Nd4 11. Rb1 Be6 12. Nf2 Qd7 13. Be3 f5 14. Nd5 Bxd5 15. cxd5
Nb5 16. Qa4 Rfd8 17. Qd1 a5 18. Qd2 Kh7 19. f4 exf4 20. gxf4 a4 21. Nd1 Ra6 22.
Nc3 Bxc3 23. bxc3 Nxa3 24. Ra1 Nb5 25. c4 Nc7 26. e5 b6 27. Ra3 Rb8 28. d4 cxd4
29. Bxd4 0-1

[Event "Kingston op"]
[Site "Kingston CAN"]
[Date "2002.02.08"]
[Round "1"]
[White "Predescu, Sebastian"]
[Black "Djerkovic, Miladin"]
[Result "1/2-1/2"]
[WhiteElo "2095"]
[BlackElo "2259"]
[PlyCount "50"]
[EventDate "2002.02.08"]
[EventType "swiss"]
[EventRounds "5"]
[EventCountry "CAN"]

1. e4 e5 2. Nf3 Nc6 3. d4 exd4 4. Nxd4 Bc5 5. Be3 Qf6 6. c3 Qg6 7. Nd2 Nge7 8.
f4 Bxd4 9. Bxd4 Nxd4 10. cxd4 Qf6 11. Bc4 Qxd4 12. Qb3 O-O 13. O-O-O d5 14.
Bxd5 Nxd5 15. Qxd5 Qxd5 16. exd5 Bg4 17. Rde1 Rfe8 18. Ne4 Rad8 19. d6 cxd6 20.
Nxd6 Re6 21. Rxe6 Bxe6 22. Nxb7 Rb8 23. Nc5 Bxa2 24. Rd1 g6 25. Rd3 Rc8 1/2-1/2

[Event "Kingston op"]
[Site "Kingston CAN"]
[Date "2002.02.08"]
[Round "1"]
[White "Raletich, George"]
[Black "Kirby, Patrick"]
[Result "0-1"]
[WhiteElo "1910"]
[BlackElo "2199"]
[PlyCount "66"]
[EventDate "2002.02.08"]
[EventType "swiss"]
[EventRounds "5"]
[EventCountry "CAN"]

1. Nf3 Nf6 2. g3 d5 3. d4 c6 4. Bg2 Bg4 5. Ne5 Bh5 6. f3 e6 7. O-O c5 8. c3 Nc6
9. Qa4 Qb6 10. e3 Bd6 11. Nd3 Nd7 12. Nd2 O-O 13. Kh1 Bg6 14. Nf2 Rad8 15. Re1
cxd4 16. cxd4 Nb4 17. Re2 Bc2 18. Nb3 Qc7 19. Bd2 Nb6 20. Qa5 Nc6 21. Qc3 Bg6
22. Nc5 e5 23. Rc1 Rc8 24. b3 Rfe8 25. Rce1 exd4 26. exd4 Rxe2 27. Rxe2 Nxd4
28. Qxd4 Bxc5 29. Qb2 d4 30. Bf4 Qc6 31. Qc1 Qd5 32. Re5 Qc6 33. Qxc5 Qxc5 0-1

[Event "Kingston op"]
[Site "Kingston CAN"]
[Date "2002.02.08"]
[Round "1"]
[White "Voloaca, Mihnea"]
[Black "McKay, Geoff"]
[Result "1-0"]
[WhiteElo "2307"]
[BlackElo "2123"]
[PlyCount "95"]
[EventDate "2002.02.08"]
[EventType "swiss"]
[EventRounds "5"]
[EventCountry "CAN"]

1. d4 Nf6 2. c4 g6 3. f3 d5 4. cxd5 Nxd5 5. e4 Nb6 6. Nc3 Bg7 7. Be3 O-O 8. Qd2
e5 9. d5 c6 10. Bg5 f6 11. Bh4 cxd5 12. exd5 Bf5 13. Bd3 Bxd3 14. Qxd3 Qd6 15.
Bf2 Na6 16. O-O-O Rac8 17. Kb1 Rfd8 18. Bxb6 Qxb6 19. Nge2 Rc7 20. g4 Rcd7 21.
h4 Qc5 22. h5 g5 23. h6 Bh8 24. Ng3 Nb4 25. Qf5 Nxd5 26. Rxd5 Rxd5 27. Qe6+ Kf8
28. Nxd5 Qxd5 29. Qxd5 Rxd5 30. Rc1 Ke7 31. Rc7+ Rd7 32. Nf5+ Kd8 33. Rxd7+
Kxd7 34. Kc2 Kc6 35. Kd3 Kd5 36. Ne7+ Kc5 37. Nf5 Kd5 38. b3 a6 39. b4 b6 40.
a4 a5 41. Ne3+ Kc6 42. bxa5 bxa5 43. Kc4 e4 44. fxe4 Kd6 45. Nf5+ Kc6 46. Kd4
Kb6 47. Kd5 Kc7 48. Ke6 1-0

[Event "Kingston op"]
[Site "Kingston CAN"]
[Date "2002.02.09"]
[Round "2"]
[White "Brice, Ron"]
[Black "Voloaca, Mihnea"]
[Result "1/2-1/2"]
[WhiteElo "2139"]
[BlackElo "2307"]
[PlyCount "78"]
[EventDate "2002.02.08"]
[EventType "swiss"]
[EventRounds "5"]
[EventCountry "CAN"]

1. c4 e6 2. Nf3 d5 3. b3 Nf6 4. g3 c5 5. Bg2 Nc6 6. Bb2 d4 7. d3 Be7 8. O-O O-O
9. e3 e5 10. exd4 cxd4 11. Re1 Qc7 12. Nbd2 Bf5 13. Qe2 Rae8 14. a3 a5 15. Ng5
Nd7 16. Nge4 Bg6 17. g4 Nd8 18. Bc1 Ne6 19. Nf1 Ndc5 20. Rb1 a4 21. b4 Nb3 22.
Rxb3 axb3 23. Qb2 h5 24. h3 Bh4 25. Qxb3 b6 26. Qd1 hxg4 27. hxg4 Qd7 28. Nh2
Nf4 29. Qf3 f5 30. gxf5 Bh5 31. Ng4 Rxf5 32. Bxf4 Rxf4 33. Nh6+ gxh6 34. Qxh5
Re7 35. Qxh4 Rxh4 36. Nf6+ Kg7 37. Nxd7 Rxd7 38. Rxe5 Ra7 39. Be4 Rg4+ 1/2-1/2

[Event "Kingston op"]
[Site "Kingston CAN"]
[Date "2002.02.09"]
[Round "2"]
[White "De Kerpel, Stijn"]
[Black "Hum, Peter"]
[Result "1/2-1/2"]
[WhiteElo "2137"]
[BlackElo "2224"]
[PlyCount "33"]
[EventDate "2002.02.08"]
[EventType "swiss"]
[EventRounds "5"]
[EventCountry "CAN"]

1. c4 Nf6 2. g3 c5 3. Bg2 d5 4. cxd5 Nxd5 5. Nf3 Nc6 6. O-O Nc7 7. Nc3 e5 8.
Ne1 Bg4 9. h3 Bf5 10. Kh2 Qd7 11. d3 Bd6 12. Be3 O-O 13. Rc1 Rad8 14. Nf3 b6
15. Nh4 Be6 16. Qa4 Nd4 17. Qxd7 1/2-1/2

[Event "Kingston op"]
[Site "Kingston CAN"]
[Date "2002.02.09"]
[Round "2"]
[White "Djerkovic, Miladin"]
[Black "Talajic, Milenko"]
[Result "1-0"]
[WhiteElo "2259"]
[BlackElo "2007"]
[PlyCount "51"]
[EventDate "2002.02.08"]
[EventType "swiss"]
[EventRounds "5"]
[EventCountry "CAN"]

1. e4 g6 2. d4 Bg7 3. Nc3 d6 4. Nf3 a6 5. Be2 Nc6 6. Be3 Nf6 7. h3 b5 8. e5 Nd7
9. e6 fxe6 10. d5 Nce5 11. dxe6 Nc5 12. Bxc5 dxc5 13. Qxd8+ Kxd8 14. O-O-O+ Ke8
15. Bxb5+ axb5 16. Nxb5 Bh6+ 17. Kb1 Bxe6 18. Nxc7+ Kf7 19. Nxe5+ Kf6 20. Nxa8
Rxa8 21. Ng4+ Kg7 22. Nxh6 Bxa2+ 23. Kc1 Kxh6 24. b3 c4 25. Kb2 cxb3 26. cxb3
1-0

[Event "Kingston op"]
[Site "Kingston CAN"]
[Date "2002.02.09"]
[Round "2"]
[White "Kirby, Patrick"]
[Black "Dixon, Frank"]
[Result "1-0"]
[WhiteElo "2199"]
[BlackElo "1923"]
[PlyCount "89"]
[EventDate "2002.02.08"]
[EventType "swiss"]
[EventRounds "5"]
[EventCountry "CAN"]

1. e4 c5 2. Nf3 d6 3. d4 cxd4 4. Nxd4 Nf6 5. Nc3 a6 6. f3 Nc6 7. Be3 Qc7 8. Qd2
e6 9. O-O-O Be7 10. g4 Ne5 11. Kb1 Nc4 12. Bxc4 Qxc4 13. g5 Nd7 14. h4 b5 15.
Qg2 b4 16. Nce2 g6 17. h5 Nf8 18. b3 Qc7 19. Nf4 Bd7 20. hxg6 fxg6 21. Nde2 a5
22. Bd4 Rg8 23. Nd3 Rb8 24. f4 a4 25. Rhe1 axb3 26. cxb3 Qa5 27. Nec1 Bc6 28.
Qh3 Ra8 29. Nb2 Qc7 30. Bf6 Rc8 31. Nc4 Rd8 32. e5 d5 33. Nd6+ Bxd6 34. exd6
Qxd6 35. Bxd8 Kxd8 36. Nd3 Rg7 37. Ne5 Bb5 38. Rd4 Rc7 39. Qe3 Ke7 40. Rc1 Rb7
41. Qd2 Be8 42. Qc2 Bd7 43. Qh2 Qb6 44. Qb2 Ra7 45. Nd3 1-0

[Event "Kingston op"]
[Site "Kingston CAN"]
[Date "2002.02.09"]
[Round "2"]
[White "Serdula, Jay"]
[Black "Raletich, George"]
[Result "1-0"]
[WhiteElo "1815"]
[BlackElo "1910"]
[PlyCount "85"]
[EventDate "2002.02.08"]
[EventType "swiss"]
[EventRounds "5"]
[EventCountry "CAN"]

1. g3 d5 2. Bg2 c6 3. d4 Bf5 4. Nf3 h6 5. Nbd2 Nd7 6. O-O Ngf6 7. c4 e6 8. Re1
Ne4 9. Nxe4 Bxe4 10. Qb3 b6 11. Bd2 Be7 12. cxd5 Bxd5 13. Qc2 c5 14. e4 Bb7 15.
Rad1 Rc8 16. Bc3 cxd4 17. Nxd4 O-O 18. Bh3 Rc7 19. Bxe6 Qe8 20. Bh3 Nc5 21. Nb5
Rc6 22. a4 Qb8 23. Nd4 Rc7 24. Nf5 f6 25. e5 Bf3 26. Nxh6+ Kh8 27. Qg6 Qe8 28.
Qxe8 Rxe8 29. Nf5 Ne4 30. Rd3 Ng5 31. Bf1 Be4 32. Nd6 Bxd6 33. exd6 Rxc3 34.
Rxc3 Rd8 35. Bg2 Bxg2 36. Kxg2 Rxd6 37. Re7 Ne6 38. Re3 Nc5 39. Rxa7 Rd8 40.
Ree7 Rg8 41. Rec7 Nd3 42. b3 Nc5 43. a5 1-0

[Event "Kingston op"]
[Site "Kingston CAN"]
[Date "2002.02.09"]
[Round "3"]
[White "Djerkovic, Miladin"]
[Black "De Kerpel, Stijn"]
[Result "1-0"]
[WhiteElo "2259"]
[BlackElo "2137"]
[PlyCount "109"]
[EventDate "2002.02.08"]
[EventType "swiss"]
[EventRounds "5"]
[EventCountry "CAN"]

1. d4 Nf6 2. Nf3 d5 3. c4 e6 4. Nc3 c6 5. e3 Bd6 6. Qc2 Nbd7 7. Bd3 a6 8. O-O
O-O 9. e4 dxe4 10. Nxe4 Nxe4 11. Bxe4 h6 12. b3 Nf6 13. Bd3 Qc7 14. h3 c5 15.
dxc5 Bxc5 16. Bb2 Be7 17. Rad1 b6 18. Be5 Qc5 19. Bd4 Qc7 20. Ne5 Bb7 21. Rfe1
Rad8 22. Qb2 Ne8 23. Bb1 Bf6 24. Ng4 Bxd4 25. Rxd4 Rxd4 26. Qxd4 f5 27. Ne5 Nd6
28. Nd3 Ne4 29. f3 Nd2 30. Qe5 Qxe5 31. Nxe5 Nxb1 32. Rxb1 Rd8 33. Rb2 Kf8 34.
b4 Ke7 35. c5 Kf6 36. f4 g5 37. g3 bxc5 38. bxc5 Be4 39. c6 gxf4 40. gxf4 Rg8+
41. Kf1 Rg7 42. Rb6 a5 43. Ra6 Rc7 44. Rxa5 Bxc6 45. Rc5 Ke7 46. Rxc6 Ra7 47.
Rc2 Ra4 48. Nc4 h5 49. Ke2 Rb4 50. Rc1 Kd7 51. Kd2 Kc6 52. a3 Rb8 53. Re1 Rc8
54. Rxe6+ Kc5 55. Kc3 1-0

[Event "Kingston op"]
[Site "Kingston CAN"]
[Date "2002.02.09"]
[Round "3"]
[White "Hum, Peter"]
[Black "Brice, Ron"]
[Result "1-0"]
[WhiteElo "2224"]
[BlackElo "2139"]
[PlyCount "89"]
[EventDate "2002.02.08"]
[EventType "swiss"]
[EventRounds "5"]
[EventCountry "CAN"]

1. d4 Nf6 2. c4 c5 3. d5 e6 4. Nc3 exd5 5. cxd5 d6 6. e4 g6 7. Bd3 Bg7 8. h3
O-O 9. Bg5 h6 10. Be3 Re8 11. Nf3 a6 12. a4 Nbd7 13. O-O Rb8 14. Bf4 Qc7 15.
Qd2 Kh7 16. Rfe1 Nh5 17. Bh2 c4 18. Bc2 b5 19. axb5 axb5 20. g4 Nhf6 21. Nd4
Qc5 22. Nc6 Rb6 23. Bf4 Rxc6 24. Be3 Qb4 25. dxc6 Ne5 26. Kg2 Nxc6 27. f3 Nd7
28. Rab1 Re6 29. Red1 Nc5 30. Qf2 Nb3 31. Nd5 Qa5 32. Bb6 Qa4 33. Qg1 Qa2 34.
Nc7 Re7 35. Nxb5 Bxb2 36. Qf2 Bg7 37. e5 Nb4 38. Bxb3 cxb3 39. Qxa2 bxa2 40.
Rxb4 Bxe5 41. Bd4 Bf4 42. Nc3 Be6 43. Rb8 g5 44. Rh8+ Kg6 45. Rg8+ 1-0

[Event "Kingston op"]
[Site "Kingston CAN"]
[Date "2002.02.09"]
[Round "3"]
[White "Serdula, Jay"]
[Black "Smilovici, Emil"]
[Result "1-0"]
[WhiteElo "1815"]
[BlackElo "1954"]
[PlyCount "83"]
[EventDate "2002.02.08"]
[EventType "swiss"]
[EventRounds "5"]
[EventCountry "CAN"]

1. e4 e6 2. d4 d5 3. Nc3 Bb4 4. e5 c5 5. a3 Bxc3+ 6. bxc3 Ne7 7. Nf3 Bd7 8. a4
Nbc6 9. Be2 Qa5 10. Bd2 c4 11. O-O O-O-O 12. Re1 f6 13. Bf1 f5 14. Qe2 h6 15.
Reb1 Kb8 16. Qd1 Rdf8 17. Rb5 Qc7 18. Rab1 Nd8 19. R5b4 g5 20. g3 Bc8 21. Bc1
f4 22. Ba3 Ka8 23. R4b2 Rf7 24. Bd6 Qd7 25. Rb5 Nf5 26. Bc5 fxg3 27. fxg3 Nc6
28. Qe2 g4 29. Nd2 h5 30. a5 a6 31. Rb6 h4 32. Bg2 hxg3 33. hxg3 Nxg3 34. Qe1
Nf5 35. Nxc4 Nh4 36. Rxa6+ bxa6 37. Nb6+ Kb7 38. Nxd7+ Kc7 39. Nf6 Nf3+ 40.
Bxf3 gxf3 41. Qg3 Nxa5 42. Bb6+ 1-0

[Event "Kingston op"]
[Site "Kingston CAN"]
[Date "2002.02.09"]
[Round "3"]
[White "Talajic, Milenko"]
[Black "McKay, Geoff"]
[Result "0-1"]
[WhiteElo "2007"]
[BlackElo "2123"]
[PlyCount "74"]
[EventDate "2002.02.08"]
[EventType "swiss"]
[EventRounds "5"]
[EventCountry "CAN"]

1. d4 Nf6 2. c4 g6 3. Nc3 d5 4. cxd5 Nxd5 5. e4 Nxc3 6. bxc3 Bg7 7. Rb1 c5 8.
Be3 Qa5 9. Qd2 cxd4 10. cxd4 Qxd2+ 11. Kxd2 O-O 12. Bc4 Rd8 13. Ne2 Nc6 14.
Rhd1 Bxd4 15. Nxd4 Nxd4 16. Kc3 Nc6 17. Rxd8+ Nxd8 18. f4 Bd7 19. h3 Bc6 20.
Bd5 Bxd5 21. exd5 b6 22. g4 Nb7 23. Rd1 Rd8 24. Rd2 Nd6 25. Kd4 Rc8 26. Kd3 Rc1
27. Bf2 Nb5 28. h4 Rc3+ 29. Ke2 Ra3 30. Ke1 Rf3 31. f5 gxf5 32. gxf5 Rxf5 33.
a4 Nc3 34. d6 Re5+ 35. Kf1 Ne4 36. Re2 exd6 37. Be1 f5 0-1

[Event "Kingston op"]
[Site "Kingston CAN"]
[Date "2002.02.09"]
[Round "3"]
[White "Voloaca, Mihnea"]
[Black "Kirby, Patrick"]
[Result "1-0"]
[WhiteElo "2307"]
[BlackElo "2199"]
[PlyCount "75"]
[EventDate "2002.02.08"]
[EventType "swiss"]
[EventRounds "5"]
[EventCountry "CAN"]

1. d4 Nf6 2. c4 e6 3. Nf3 Bb4+ 4. Bd2 Qe7 5. Qc2 d5 6. a3 Bxd2+ 7. Nbxd2 O-O 8.
Rc1 c6 9. e4 dxe4 10. Nxe4 Nbd7 11. Bd3 h6 12. O-O c5 13. Rfd1 cxd4 14. Nxd4
Rd8 15. c5 Ne5 16. Nxf6+ gxf6 17. Be2 Bd7 18. f4 Nc6 19. Nb5 Rab8 20. Rd3 b6
21. Nd6 bxc5 22. Qxc5 e5 23. fxe5 Nxe5 24. Rg3+ Kf8 25. Rd1 Ng6 26. Qh5 Kg7 27.
Bc4 Be6 28. Bxe6 Qxe6 29. Rgd3 Nf4 30. Nf5+ Qxf5 31. Qxf5 Nxd3 32. Rxd3 Rxd3
33. Qxd3 Rxb2 34. Qa6 Rb1+ 35. Kf2 Rb2+ 36. Kf3 Rb3+ 37. Kg4 Rb2 38. Kh3 1-0

[Event "Kingston op"]
[Site "Kingston CAN"]
[Date "2002.02.10"]
[Round "4"]
[White "Brice, Ron"]
[Black "De Kerpel, Stijn"]
[Result "1/2-1/2"]
[WhiteElo "2139"]
[BlackElo "2137"]
[PlyCount "64"]
[EventDate "2002.02.08"]
[EventType "swiss"]
[EventRounds "5"]
[EventCountry "CAN"]

1. c4 f5 2. g3 g6 3. Bg2 Bg7 4. Nc3 Nf6 5. d3 d6 6. e4 c6 7. Nge2 O-O 8. h3
fxe4 9. dxe4 Na6 10. Be3 Be6 11. b3 Nc5 12. Bxc5 dxc5 13. e5 Nh5 14. Qxd8 Raxd8
15. g4 Nf4 16. Nxf4 Rxf4 17. Ne2 Rff8 18. f4 b5 19. Rc1 bxc4 20. bxc4 h5 21. g5
Rd3 22. Be4 Rxh3 23. Rxh3 Bxh3 24. Bxg6 Bg4 25. e6 Bd4 26. Bf7+ Kg7 27. Nxd4
cxd4 28. Rb1 Rd8 29. Rb7 Kf8 30. Rd7 Rxd7 31. exd7 Bxd7 32. Bxh5 c5 1/2-1/2

[Event "Kingston op"]
[Site "Kingston CAN"]
[Date "2002.02.10"]
[Round "4"]
[White "Dixon, Frank"]
[Black "McKay, Geoff"]
[Result "1-0"]
[WhiteElo "1923"]
[BlackElo "2123"]
[PlyCount "57"]
[EventDate "2002.02.08"]
[EventType "swiss"]
[EventRounds "5"]
[EventCountry "CAN"]

1. e4 Nf6 2. Nc3 d5 3. e5 Ne4 4. Nce2 d4 5. d3 Nc5 6. b4 Nca6 7. Nf3 c5 8. bxc5
Nc6 9. Bb2 Bg4 10. h3 Bxf3 11. gxf3 e6 12. Bg2 Bxc5 13. f4 Qa5+ 14. Kf1 Rd8 15.
Ng3 Nab4 16. Qg4 Bf8 17. Ne4 Nxc2 18. Rd1 Qxa2 19. Bc1 N2b4 20. Nd6+ Bxd6 21.
Bxc6+ Nxc6 22. Qxg7 Rf8 23. exd6 Qc2 24. Kg2 Kd7 25. Qxh7 Qe2 26. Rd2 Rg8+ 27.
Kh2 Qf3 28. Qxf7+ Kc8 29. Qc7# 1-0

[Event "Kingston op"]
[Site "Kingston CAN"]
[Date "2002.02.10"]
[Round "4"]
[White "Hutchison, Robert"]
[Black "Talajic, Milenko"]
[Result "0-1"]
[WhiteElo "1901"]
[BlackElo "2007"]
[PlyCount "70"]
[EventDate "2002.02.08"]
[EventType "swiss"]
[EventRounds "5"]
[EventCountry "CAN"]

1. c4 g6 2. g3 Bg7 3. Bg2 e5 4. d3 Ne7 5. Nc3 O-O 6. Bg5 c6 7. Rb1 d6 8. e4 f6
9. Be3 c5 10. b4 b6 11. Nge2 cxb4 12. Rxb4 Nbc6 13. Rb1 Be6 14. O-O Qd7 15. Nb5
Rad8 16. a4 Nc8 17. Nec3 Bh3 18. Nd5 Bxg2 19. Kxg2 Rf7 20. Nbc3 Rdf8 21. f4 f5
22. Qd2 Qe6 23. Rbe1 Qd7 24. Qd1 N6e7 25. d4 Nxd5 26. cxd5 Re8 27. Qd3 Rfe7 28.
dxe5 dxe5 29. fxe5 Bxe5 30. Bg5 Bxc3 31. Bxe7 Bxe1 32. Rxe1 fxe4 33. Rxe4 Rxe7
34. Rf4 Nd6 35. Qf3 Rf7 0-1

[Event "Kingston op"]
[Site "Kingston CAN"]
[Date "2002.02.10"]
[Round "4"]
[White "Kirby, Patrick"]
[Black "Hum, Peter"]
[Result "1/2-1/2"]
[WhiteElo "2199"]
[BlackElo "2224"]
[PlyCount "71"]
[EventDate "2002.02.08"]
[EventType "swiss"]
[EventRounds "5"]
[EventCountry "CAN"]

1. e4 c5 2. Nf3 Nc6 3. d4 cxd4 4. Nxd4 e5 5. Nb5 d6 6. c4 Be7 7. N1c3 a6 8. Na3
f5 9. exf5 Bxf5 10. Be3 Nf6 11. Be2 O-O 12. O-O Qd7 13. Nc2 Ng4 14. Bb6 Bg5 15.
Bxg4 Bxg4 16. f3 Be6 17. Ne4 Bd8 18. Bxd8 Raxd8 19. Qd3 Qe7 20. Ne3 Nd4 21.
Rac1 b5 22. cxb5 axb5 23. a3 h6 24. Kh1 Qb7 25. Rfe1 Qf7 26. Qf1 Qh5 27. Nc2
Bc4 28. Qf2 Nb3 29. Rcd1 d5 30. Ng3 Qg5 31. Qe3 Qg6 32. Na1 Nxa1 33. Rxa1 Rfe8
34. Qc3 Qe6 35. Qb4 d4 36. Ne4 1/2-1/2

[Event "Kingston op"]
[Site "Kingston CAN"]
[Date "2002.02.10"]
[Round "4"]
[White "Predescu, Sebastian"]
[Black "Serdula, Jay"]
[Result "1-0"]
[WhiteElo "2095"]
[BlackElo "1915"]
[PlyCount "59"]
[EventDate "2002.02.08"]
[EventType "swiss"]
[EventRounds "5"]
[EventCountry "CAN"]

1. e4 e5 2. Nf3 Nf6 3. Nc3 Nc6 4. d4 exd4 5. Nxd4 Bb4 6. Nxc6 bxc6 7. Bd3 O-O
8. O-O d6 9. Bd2 a5 10. h3 Re8 11. Re1 Bb7 12. f4 a4 13. a3 Ba5 14. b4 axb3 15.
cxb3 c5 16. Qc2 h6 17. Nb1 Bb6 18. Kh1 c4 19. bxc4 Ng4 20. Re2 Nf2+ 21. Kh2
Nxd3 22. Qxd3 Bc5 23. a4 Qd7 24. Nc3 Ra6 25. Nb5 Qc6 26. Bc3 Re6 27. f5 Rxe4
28. Rxe4 Qxe4 29. Qg3 g6 30. Re1 1-0

[Event "Kingston op"]
[Site "Kingston CAN"]
[Date "2002.02.10"]
[Round "4"]
[White "Voloaca, Mihnea"]
[Black "Djerkovic, Miladin"]
[Result "1-0"]
[WhiteElo "2307"]
[BlackElo "2259"]
[PlyCount "63"]
[EventDate "2002.02.08"]
[EventType "swiss"]
[EventRounds "5"]
[EventCountry "CAN"]

1. Nf3 Nf6 2. c4 e6 3. Nc3 d5 4. d4 c6 5. e3 Nbd7 6. Qc2 Bd6 7. g4 Nxg4 8. Rg1
Ndf6 9. h3 Nh6 10. Rxg7 Nf5 11. Rg1 Bb4 12. Bd3 Nd6 13. Nd2 dxc4 14. Nxc4 Nxc4
15. Bxc4 Qa5 16. Bd2 Qh5 17. e4 Bd7 18. Be2 Qh4 19. e5 Nd5 20. Rg4 Qxh3 21.
O-O-O Nxc3 22. bxc3 Ba3+ 23. Kb1 h5 24. Rg7 O-O-O 25. Rxf7 Rdf8 26. Rxf8+ Rxf8
27. Qa4 Qf5+ 28. Ka1 Be7 29. Qxa7 Qxf2 30. Bxh5 Qh2 31. c4 b6 32. Qxb6 1-0

[Event "Kingston op"]
[Site "Kingston CAN"]
[Date "2002.02.10"]
[Round "5"]
[White "De Kerpel, Stijn"]
[Black "Smilovici, Emil"]
[Result "1-0"]
[WhiteElo "2137"]
[BlackElo "1954"]
[PlyCount "43"]
[EventDate "2002.02.08"]
[EventType "swiss"]
[EventRounds "5"]
[EventCountry "CAN"]

1. e4 e6 2. d3 d5 3. Qe2 Be7 4. Nf3 Nf6 5. g3 O-O 6. Bg2 c5 7. O-O Nc6 8. e5
Nd7 9. h4 f6 10. exf6 Nxf6 11. c4 Re8 12. Nc3 h6 13. Bf4 Bd6 14. Bxd6 Qxd6 15.
Rad1 a6 16. Rfe1 Bd7 17. d4 cxd4 18. Nxd4 Nxd4 19. Rxd4 Qc5 20. Qd2 e5 21.
Bxd5+ Nxd5 22. Rxd5 1-0